000 00584nam a2200217Ia 4500
003 OSt
005 20220926044834.0
006 a|||||r|||| 00| 0
007 ta
008 220923b |||||||| |||| 00| 0 eng d
037 _cGeneral Book
040 _aRTL
_cRTL
_beng
041 _2eng
_aeng
082 _aX9(D66).2s, GD
110 _aIndia, Central Electricity Authority
245 0 _aAll India electricity statistics
260 _c2008
700 _aIndia, Central Electricity Authority
942 _hX9(D66).2s, GD
_cGB
_2CC
999 _c675912
_d675912